<?xml version="1.0" encoding="UTF-8"?>
<record
    xmlns:xsi="http://www.w3.org/2001/XMLSchema-instance"
    xsi:schemaLocation="http://www.loc.gov/MARC21/slim http://www.loc.gov/standards/marcxml/schema/MARC21slim.xsd"
    xmlns="http://www.loc.gov/MARC21/slim">

  <leader>02302cam a2200385 a 4500</leader>
  <controlfield tag="003">3228</controlfield>
  <controlfield tag="005">20241126113014.0</controlfield>
  <controlfield tag="007">co ugu||||||||</controlfield>
  <controlfield tag="008">231024b        sa ||||| |||| 00| 0 eng d</controlfield>
  <datafield tag="020" ind1=" " ind2=" ">
    <subfield code="a">9781868918539</subfield>
  </datafield>
  <datafield tag="020" ind1=" " ind2=" ">
    <subfield code="a">186891853X</subfield>
  </datafield>
  <datafield tag="020" ind1=" " ind2=" ">
    <subfield code="a">1770259465</subfield>
  </datafield>
  <datafield tag="020" ind1=" " ind2=" ">
    <subfield code="a">9781770259461</subfield>
  </datafield>
  <datafield tag="035" ind1=" " ind2=" ">
    <subfield code="a">(OCoLC)308184322</subfield>
  </datafield>
  <datafield tag="040" ind1=" " ind2=" ">
    <subfield code="b">ENG</subfield>
    <subfield code="c">3228</subfield>
    <subfield code="e">rda</subfield>
  </datafield>
  <datafield tag="082" ind1=" " ind2=" ">
    <subfield code="a">302.35 ORGA</subfield>
  </datafield>
  <datafield tag="100" ind1="1" ind2=" ">
    <subfield code="a">Robbins, Stephen P.,</subfield>
    <subfield code="d">1943-</subfield>
    <subfield code="e">author.</subfield>
  </datafield>
  <datafield tag="245" ind1="1" ind2="0">
    <subfield code="a">Organisational behaviour :</subfield>
    <subfield code="b">global and Southern African perspectives /</subfield>
    <subfield code="c">Stephen P. Robbins [and three others].</subfield>
  </datafield>
  <datafield tag="250" ind1=" " ind2=" ">
    <subfield code="a">Second edition.</subfield>
  </datafield>
  <datafield tag="260" ind1=" " ind2=" ">
    <subfield code="a">Cape Town </subfield>
    <subfield code="b">Pearson Education South Africa (Pty) Ltd</subfield>
    <subfield code="c">2009</subfield>
  </datafield>
  <datafield tag="264" ind1=" " ind2="1">
    <subfield code="a">Cape Town :</subfield>
    <subfield code="b">Pearson Education South Africa,</subfield>
    <subfield code="c">[2009]</subfield>
  </datafield>
  <datafield tag="264" ind1=" " ind2="4">
    <subfield code="c">&#xA9;2009.</subfield>
  </datafield>
  <datafield tag="300" ind1=" " ind2=" ">
    <subfield code="a">xx, 556 pages :</subfield>
    <subfield code="b">illustrations ;</subfield>
    <subfield code="c">30 cm +</subfield>
    <subfield code="e">1 CD-ROM (4 3/4 in.)</subfield>
  </datafield>
  <datafield tag="336" ind1=" " ind2=" ">
    <subfield code="a">text</subfield>
    <subfield code="b">txt</subfield>
    <subfield code="2">rdacontent.</subfield>
  </datafield>
  <datafield tag="337" ind1=" " ind2=" ">
    <subfield code="a">unmediated</subfield>
    <subfield code="b">n</subfield>
    <subfield code="2">rdamedia.</subfield>
  </datafield>
  <datafield tag="338" ind1=" " ind2=" ">
    <subfield code="a">volume</subfield>
    <subfield code="b">nc</subfield>
    <subfield code="2">rdacarrier.</subfield>
  </datafield>
  <datafield tag="504" ind1=" " ind2=" ">
    <subfield code="a">Includes bibliographical references and index.</subfield>
  </datafield>
  <datafield tag="505" ind1="0" ind2=" ">
    <subfield code="a">What is organizational behavior -- Organisational behavior in a global and diverse context -- Foundations of individual behavior -- Attitudes and job satisfaction -- Personality and values -- Perceptions and individual decision making -- Basic motivation concepts -- Motivation: from concepts to applications -- Emotions and moods -- Foundations of group behavior -- Understanding work teams -- Communication -- Basic approaches to leadership -- Contemporary issues in leadership -- Power and politics -- Conflict and negotiation -- Foundations of organisation structure -- Organisational culture -- Human resource policies and practices -- Organisational change and stress management.</subfield>
  </datafield>
  <datafield tag="520" ind1=" " ind2=" ">
    <subfield code="a">This book is an adaptation of the US best-seller Organizational Behavior by Robbins and Judge and is based on the 13th edition. The Southern African 2nd edition includes relevant and topical research and numerous case studies and examples to illustrate theory.</subfield>
  </datafield>
  <datafield tag="521" ind1=" " ind2=" ">
    <subfield code="a">Adults non fiction </subfield>
  </datafield>
  <datafield tag="538" ind1=" " ind2=" ">
    <subfield code="a">System requirements: Microsoft Windows 2000, Windows NT4, Windows ME or Windows XP.</subfield>
  </datafield>
  <datafield tag="650" ind1=" " ind2="0">
    <subfield code="a">Organizational behavior.</subfield>
    <subfield code="9">180887</subfield>
  </datafield>
  <datafield tag="700" ind1=" " ind2=" ">
    <subfield code="a">Robbins, Stephen P; Judge, Timothy A, </subfield>
    <subfield code="d">1943</subfield>
    <subfield code="e">author.</subfield>
    <subfield code="9">183350</subfield>
  </datafield>
  <datafield tag="942" ind1=" " ind2=" ">
    <subfield code="2">ddc</subfield>
    <subfield code="c">BOOK05</subfield>
    <subfield code="y">156</subfield>
    <subfield code="z">Lettie Matukane</subfield>
  </datafield>
  <datafield tag="999" ind1=" " ind2=" ">
    <subfield code="c">759266</subfield>
    <subfield code="d">759265</subfield>
  </datafield>
  <datafield tag="952" ind1=" " ind2=" ">
    <subfield code="0">0</subfield>
    <subfield code="1">0</subfield>
    <subfield code="2">ddc</subfield>
    <subfield code="4">0</subfield>
    <subfield code="7">0</subfield>
    <subfield code="a">PIETL</subfield>
    <subfield code="b">PIETL</subfield>
    <subfield code="c">Non_Fiction</subfield>
    <subfield code="d">2023-10-24</subfield>
    <subfield code="i">3300310013371</subfield>
    <subfield code="l">0</subfield>
    <subfield code="p">3300310013371</subfield>
    <subfield code="r">2023-10-24</subfield>
    <subfield code="w">2023-10-24</subfield>
    <subfield code="y">BOOK05</subfield>
  </datafield>
  <datafield tag="952" ind1=" " ind2=" ">
    <subfield code="0">0</subfield>
    <subfield code="1">0</subfield>
    <subfield code="2">ddc</subfield>
    <subfield code="4">0</subfield>
    <subfield code="7">0</subfield>
    <subfield code="8">600</subfield>
    <subfield code="a">PIETL</subfield>
    <subfield code="b">PIETL</subfield>
    <subfield code="c">Non_Fiction</subfield>
    <subfield code="d">2023-10-24</subfield>
    <subfield code="f">3322802434</subfield>
    <subfield code="l">0</subfield>
    <subfield code="r">2023-10-24</subfield>
    <subfield code="t">03</subfield>
    <subfield code="w">2023-10-24</subfield>
    <subfield code="y">BOOK05</subfield>
  </datafield>
  <datafield tag="952" ind1=" " ind2=" ">
    <subfield code="0">0</subfield>
    <subfield code="1">0</subfield>
    <subfield code="2">ddc</subfield>
    <subfield code="4">0</subfield>
    <subfield code="7">0</subfield>
    <subfield code="a">RIVEL</subfield>
    <subfield code="b">RIVEL</subfield>
    <subfield code="c">GEN</subfield>
    <subfield code="d">2024-11-26</subfield>
    <subfield code="l">0</subfield>
    <subfield code="o">302.35 ORGA</subfield>
    <subfield code="p">33228031011387</subfield>
    <subfield code="r">2024-11-26</subfield>
    <subfield code="w">2024-11-26</subfield>
    <subfield code="y">BOOK05</subfield>
  </datafield>
  <datafield tag="952" ind1=" " ind2=" ">
    <subfield code="0">0</subfield>
    <subfield code="1">0</subfield>
    <subfield code="2">ddc</subfield>
    <subfield code="4">0</subfield>
    <subfield code="7">0</subfield>
    <subfield code="a">RIVEL</subfield>
    <subfield code="b">RIVEL</subfield>
    <subfield code="c">GEN</subfield>
    <subfield code="d">2024-11-26</subfield>
    <subfield code="l">0</subfield>
    <subfield code="o">302.35 ORGA</subfield>
    <subfield code="p">33228031011386</subfield>
    <subfield code="r">2024-11-26</subfield>
    <subfield code="w">2024-11-26</subfield>
    <subfield code="y">BOOK05</subfield>
  </datafield>
  <datafield tag="952" ind1=" " ind2=" ">
    <subfield code="0">0</subfield>
    <subfield code="1">0</subfield>
    <subfield code="2">ddc</subfield>
    <subfield code="4">0</subfield>
    <subfield code="7">0</subfield>
    <subfield code="8">300</subfield>
    <subfield code="a">THANPL</subfield>
    <subfield code="b">THANPL</subfield>
    <subfield code="c">GEN</subfield>
    <subfield code="d">2025-02-19</subfield>
    <subfield code="g">613.00</subfield>
    <subfield code="l">0</subfield>
    <subfield code="o">302.35 ROBB</subfield>
    <subfield code="p">3322803175361</subfield>
    <subfield code="r">2025-02-19</subfield>
    <subfield code="w">2025-02-19</subfield>
    <subfield code="y">BOOK05</subfield>
  </datafield>
  <datafield tag="952" ind1=" " ind2=" ">
    <subfield code="0">0</subfield>
    <subfield code="1">0</subfield>
    <subfield code="2">ddc</subfield>
    <subfield code="4">0</subfield>
    <subfield code="7">0</subfield>
    <subfield code="8">100</subfield>
    <subfield code="a">MPSTL</subfield>
    <subfield code="b">MPSTL</subfield>
    <subfield code="c">GEN</subfield>
    <subfield code="d">2026-06-05</subfield>
    <subfield code="g">284.00</subfield>
    <subfield code="l">0</subfield>
    <subfield code="o">302.35 ORGA</subfield>
    <subfield code="p">3322810016129</subfield>
    <subfield code="r">2026-06-05</subfield>
    <subfield code="v">284.00</subfield>
    <subfield code="w">2026-06-05</subfield>
    <subfield code="y">BOOK05</subfield>
  </datafield>
</record>
